000 01290nam a22003737a 4500
001 000544
003 DO-SdBNP
005 20171110092701.0
007 000544
008 161012b 2002 sp a ||||| |||| 00| 0 spa d
020 _a8471837295 (colección)
020 _a8471837293 (V. 1)
020 _a8471837307 (V. 2)
020 _a 8471837315 (V. 3)
040 _aBPMSU
_bspa
_cBPMSU
041 1 7 _aspa
_h
082 4 _a637.4
_bF246h
100 1 _aFarrow, Joanna
240 1 0 _aIce cream and iced desserts.
_lEspañol.
245 1 3 _aLa gran enciclopedia de los helados y postres helados /
_cJoanna Farrow, Sara Lewis ; fotografías Gus Filgate ; traducción Anna Ma. Gil.
260 0 _aBarcelona :
_bHymsa,
_c2002.
300 _a3 v. :
_bil. ;
_c30 cm.
500 _aTraducción de: Ice cream and iced desserts
505 _gv. 1-
_tCómo hacer helados --
_gv. 2 -
_tBombas y terrinas --
_gv. 3 -
_tSorbetes y granizados.
650 4 _aHELADOS, SORBETES, ETC.
650 4 _aINDUSTRIA DE POSTRES HELADOS
700 1 2 _aLewis, Sara
700 1 2 _aFilgate, Gus,
_efot.
700 1 2 _aGil, Ana María
_etr.
910 _aValidado. Control de calidad MFF
942 _2ddc
_cBK
945 _aInvetariado extranjero / 2017 VM
956 _2LOPEREZ
_310
_620161112
_8BPMSU
_a00041
999 _c11544
_d11544